| 000 | 01912nam a2200361 a 4500 | ||
|---|---|---|---|
| 001 | 00003822 | ||
| 003 | DO-SdBNP | ||
| 005 | 20180312134537.0 | ||
| 007 | 00003822 | ||
| 008 | 091117s2005 dr a 000 0 spa d | ||
| 020 | _a9945110640 | ||
| 040 |
_aBPMSU _bspa _cBPMSU |
||
| 092 |
_a372.84 _bR696r 5to. 2005 |
||
| 100 | 1 | _aRodríguez, Federico | |
| 245 | 0 | 0 |
_aReligión 5 : _beducación básica / _c Federico Rodríguez ; dirección editorial Obdulia García de Escobar ; ilustración José Amado Polanco. |
| 260 |
_aSanto Domingo : _bSantillana, _c2005. |
||
| 300 |
_a119 p. : _bil., retrs. ; _c28 cm. |
||
| 490 | 1 | _aÁmbar | |
| 500 | _aEste libro ha sido realizado de conformidad con el currículum vigente y ha sido sometido a la aprobación de la SEEBAC "Secretaría de Estado de Educación Bellas Artes y Cultos" | ||
| 505 | 1 |
_tDios hizo todo bueno -- _tDios promete el bien a los que creen en Él -- _tDios quiere que seamos libres -- _tEl mensaje de los profetas -- _tJesús, el Mesías esperado -- _tJesús nos enseña la felicidad -- _tJesús nos enseña a hablar con Dios -- _tJesús nos invita a mejorar cada día -- _tEl perdón es más grande que el pecado -- _tHay que estar alegres: Jesús resucitó -- _tLa historia de los primeros cristianos -- _tLa comunidad de los seguidores de Jesús -- _tLa iglesia comunica el mensaje de Jesús -- _tLa iglesia comparte. |
|
| 650 | 4 |
_aRELIGIÓN _xENSEÑANZA BÁSICA |
|
| 650 | 4 |
_aRELIGIÓN _xESTUDIOS Y EJERCICIOS |
|
| 650 | 4 |
_aRELIGIÓN _xLIBROS DE TEXTOS |
|
| 650 | 4 |
_aRELIGIÓN _xEDUCACIÓN PRIMARIA |
|
| 650 | 4 |
_aEDUCACIÓN PRIMARIA _zREPÚBLICA DOMINICANA |
|
| 700 | 1 | 2 |
_aGarcía de Escobar, Obdulia, _eed. |
| 700 | 1 | 2 |
_aPolanco, José Amado, _eil. |
| 830 | 0 | _aÁmbar | |
| 910 | _aValidado. Control de calidad MFF | ||
| 942 |
_2ddc _cBK |
||
| 945 | _aRemanejado para la BNPHU / 2018 VM | ||
| 956 |
_aLOPEREZ _b10 _c20160405 _lBPMSU _h0041 |
||
| 999 |
_c9552 _d9552 |
||